| 000 | 01094nam a22003377a 4500 | ||
|---|---|---|---|
| 003 | CHAP | ||
| 005 | 20220329135314.0 | ||
| 008 | 971013s1964 r 00010 d | ||
| 010 | _a34121 | ||
| 011 | _a35093 | ||
| 035 | _a39209 | ||
| 040 | _cCHAP | ||
| 090 | _aFolleto 1106 | ||
| 110 |
_aOficina Nacional de Reforma y Promoción Agraria del Perú _982808 |
||
| 245 | _aIrrigación y colonización San Lázaro, Piura | ||
| 260 |
_a(s.l.) : _bONRPA, _c1964 |
||
| 300 |
_a(s.p.) _b: ilus. |
||
| 490 |
_aRevista infromativa _v; 2 |
||
| 590 |
_aBATCH-UPD _b10 _c20130110 _lUCH01 _h0217 |
||
| 590 |
_aBATCH-UPD _b10 _c20130110 _lUCH01 _h2231 |
||
| 590 |
_aBATCH-UPD _b10 _c20130409 _lUCH01 _h2236 |
||
| 590 |
_aBATCH-UPD _b10 _c20130410 _lUCH01 _h1527 |
||
| 590 |
_aBATCH-UPD _b10 _c20130914 _lUCH01 _h1010 |
||
| 590 |
_aCONVERSION _b10 _c20130109 _lUCH01 _h1319 |
||
| 650 | 1 | 4 |
_aColonización agrícola _xPerú. _925403 |
| 650 | 1 | 4 |
_aIrrigación _xPerú. _960441 |
| 830 | 0 |
_aRevista infromativa _v; 2 _996712 |
|
| 901 | _aBK | ||
| 942 | _cFOLL | ||
| 949 |
_aFolleto 1106 _bBC _cFOLL _d-89475 _eTS1 _i39209 _si |
||
| 999 |
_c34121 _d34121 |
||